El Futuro de la energía renovable /

Gardado en:
Detalles Bibliográficos
Autor Principal: García Páez, Benjamín
Formato: Texto
Materias:
Etiquetas: Engadir etiqueta
Sen Etiquetas, Sexa o primeiro en etiquetar este rexistro!

MARC

LEADER 00000 a a2200000 04500
001 5338
003
040
100 |a García Páez, Benjamín  
245 |a El Futuro de la energía renovable /  |c Benjamín García Páez 
650 |a FUENTES DE ENERGIA RENOVABLES  
650 |a INDUSTRIA ENERGETICA  
650 |a ADMINISTRACION DE LA ENERGIA  
650 |a PLANIFICACION DE LA ENERGIA  
650 |a CONSERVACION DE LA ENERGIA  
650 |a PROYECTOS DE DESARROLLO  
773 |g número 320; páginas 50-54  
999 |c 36866  |d 36866